00433pab a2200145 454500008004000000100001700040245010000057260000900157300001300166362000800179650002900187650001500216700002200231773003400253180718b1997 xxu||||| |||| 00| 0 eng d aRanade, R.S. aLabour jurisprudence and the right to security of service and just and human conditions of work c1997 ap.216-28 aOct aConditions of employment aEmployment aChandak, Sonal S. aManagement and Labour Studies